| 000 | 01979nam a2200349 a 4500 | ||
|---|---|---|---|
| 999 |
_c384299 _d384299 |
||
| 003 | BLK | ||
| 005 | 20250127100131.0 | ||
| 008 | 180411b bul|||||r ||||||| ||bul|| | ||
| 010 | _aKNG00193890000 | ||
| 040 | _aBLK | ||
| 041 |
_aRUS _cRUS |
||
| 080 |
_aВътрешна политика. Вж и 329 _b323 _x(497.2) _z323(497.2) |
||
| 080 |
_aМеждународни политически отношения. Световна политика. Международна политика. Дипломация _b327 _x(497.2) _z327(497.2) |
||
| 100 |
_aЖивков, Тодор Христов _d1911 - 1998 _gБългарски политик, БКП. Първи секретар и генерален секретар на ЦК на БКП, председател на Министерския съвет и председател на Държавния съвет на НРБ _9365041 |
||
| 139 |
_aЖивков, Тодор Христов _bЖ 48 |
||
| 245 | 1 | 0 |
_aВнутренняя е внешняя политика Народной Республики Болгарии _bРечь на Десятой сесии Надорного собрания седьмого созыва София, 27 апреля 1979 г. _cТодор Христов Живков. |
| 257 | _aBGR | ||
| 260 |
_bСофия пресс _c1979 _9221324 _aСофия |
||
| 300 |
_a64 с. _c17 см |
||
| 380 | _a3 | ||
| 500 | _aОриг. загл. За вътрешната и външната политика на Народна република България 15 000 тир | ||
| 650 | 7 |
_aБългария - вътрешна и външна политика _2 _9149492 |
|
| 653 | _aвътрешна политика | ||
| 653 | _aвъншна политика | ||
| 653 | 7 |
_aречи _9195537 |
|
| 852 |
_aЦб I 17211 _bЦб |
||
| 856 | 4 | _qpdf | |
| 942 |
_cKNG _n0 _s1 |
||
| 944 |
_aCR _c2020-08-21 _k30560 _lГеновева Генчева |
||
| 999 | _d384299 | ||
| 999 | _d184913 | ||